000 00916nam a2200253Ia 4500
003 OSt
005 20221005103254.0
006 a|||||r|||| 00| 0
007 ta
008 221004b |||||||| |||| 00| 0 hin d
020 _a8188075469
_c300
024 _a81518
037 _b166, 30/03/2005, Trans--India Book Distributors
_cTextual
040 _aCRL
_cCRL
_bhin
041 _2hin
_ahin
082 _aT:3(P152), 152P4
100 _aअग्रवाल, मुकेश
245 0 _aहिन्दी भाषा शिषण
246 _aHindī bhāṣhā shiṣhaṇa
260 _aगाजियाबाद
_bके. एल. पचौरी प्रकाशन भारत
_c2004
300 _a259पृ0
_ccm.
942 _hT:3(P152), 152P4
_cTEXL
_2cc
999 _c1009756
_d1009756